Entry Personal Name
Number of records used in: 3
001 - CONTROL NUMBER
003 - CONTROL NUMBER IDENTIFIER
005 - DATE AND TIME OF LATEST TRANSACTION
- control field:
20221220164726.0
008 - FIXED-LENGTH DATA ELEMENTS
- fixed length control field:
221220|| aca||aabn | a|a d
040 ## - CATALOGING SOURCE
- Original cataloging agency:
OSt
- Transcribing agency:
OSt
100 ## - HEADING--PERSONAL NAME
- Personal name:
MITRA , SAMAR
670 ## - SOURCE DATA FOUND
- Source citation:
Work cat.: (OSt)8174: MITRA , SAMAR , ANATOMY -VOL-1:SUPERIOR INFERIOR ABDUMEN